Die größten Städte mit K - Statistiken

Allgemein
  • Dieses Quiz wurde 274 mal gespielt
  • Das Durchschnittsergebnis liegt bei 16 aus 40
Antwortstatistiken
Land Antwort Einwohner % Korrekt
Ägypten Kairo 22.200.000
99%
Deutschland Köln 1.020.000
91%
Ukraine Kiew 3.500.000
90%
Dänemark Kopenhagen 1.740.000
88%
Südafrika Kapstadt 4.450.000
85%
Afghanistan Kabul 4.800.000
84%
Kuwait Kuwait 4.200.000
83%
Malaysia Kuala Lumpur 9.100.000
80%
D.R. Kongo Kinshasa 15.000.000
77%
Nepal Kathmandu 3.000.000
73%
Jamaika Kingston 1.000.000
73%
Indien Kalkutta 17.400.000
65%
Sudan Khartum 6.800.000
64%
Uganda Kampala 4.000.000
62%
Ruanda Kigali 1.330.000
54%
Pakistan Karachi 19.100.000
46%
USA Kansas City 2.100.000
39%
Russland Kasan 1.570.000
39%
Japan Kobe 1.520.000
35%
Nigeria Kano 5.200.000
33%
Polen Kattowitz 2.200.000
26%
Ghana Kumasi 2.850.000
20%
China Kunming 6.200.000
20%
Indien Kanpur 3.600.000
17%
Türkei Konya 1.370.000
17%
Russland Krasnojarsk 1.260.000
12%
Taiwan Kaohsiung 2.775.000
11%
Türkei Kayseri 1.130.000
10%
D.R Kongo Kananga 1.300.000
8%
Japan Kitakyushu 2.000.000
8%
Nigeria Kaduna 2.050.000
7%
Irak Kirkuk 1.110.000
7%
D.R Kongo Kisangani 1.230.000
6%
Bangladesch Khulna 1.140.000
5%
Indien Kota 1.500.000
5%
Indien Kozhikode 1.040.000
5%
Japan Kumamoto 1.150.000
5%
China Kaifeng 1.270.000
3%
Iran Kermanschah 1.090.000
3%
Indonesien Karawang 1.220.000
1%
Keine übereinstimmenden Quizze gefunden
Verteilung der Resultate
Anzahl Personen mit jedem Resultat
Perzentil nach korrekt beantworteten Fragen
Ihre Resultats-Entwicklung
Sie haben dieses Quiz noch nicht gespielt